00996cam a2200241 a 450000100100000000500170001000800410002704000300006808200140009824500790011226000680019130000390025949000430029850000210034150000820036265000350044465000450047983000520052491000340057604900090061095201180061999900170073700001530020200929164015.0830127s1966 sp ab 000 0 spa d aDO-SdBNPbspacDLCdBNPHU a225bD59400aDios llega al hombre :bel Nuevo Testamento de Nuestro Señor Jesucristo. aAsunción :bSociedades Bíblicas en América Latina,c1966. aiv, 578 p. :bil., mapas ;c19 cm.1 aLa palabra de Dios, para una nueva era aVesión popular aDiccionario de algunas palabras especiales del Nuevo Testamento (p. 571-578). 4aBibliaxN.txEvangelios934598 4aBibliaxN.txEspañolxVersiones934599 0aLa palabra de Dios, para una nueva era ;934600 aCatalogación por copia / LC aBNGR 001054708MOaGRbGRcCTd2010-02-04iLF1l0o225 D594p15300-10r2020-06-25w2020-06-25y4ZPréstamo en sala c14866d14866